| 000 | 00529nam a2200193Ia 4500 | ||
|---|---|---|---|
| 005 | 20250326141312.0 | ||
| 008 | 250326s9999 xx 000 0 und d | ||
| 020 | _a81-8570-04-7 | ||
| 037 | _aTextbook | ||
| 040 |
_aFMSL _beng _cFMSL |
||
| 041 |
_aeng _2eng |
||
| 084 |
_aX8(A).44 N4 _qFMSL |
||
| 100 |
_aWadhawah D _9744115 |
||
| 245 | 0 |
_aReengineering Indian industry. _cWadhawah D |
|
| 260 |
_aNew Delhi _bNew Delhi, Vergo _c1994 |
||
| 300 | _a200p | ||
| 942 |
_cTB _hX8(A).44 N4 |
||
| 999 |
_c1289673 _d1289673 |
||